Most Developed Countries Quiz - Statistics

General Stats
  • This quiz has been taken 178 times
  • The average score is 40 of 51
Answer Stats
HDI Country % Correct
0.920 United States
100%
0.922 Canada
98%
0.920 United Kingdom
98%
0.954 Norway
97%
0.915 Japan
96%
0.893 Spain
96%
0.937 Sweden
96%
0.938 Australia
95%
0.925 Finland
95%
0.891 France
93%
0.946 Switzerland
93%
0.906 South Korea
92%
0.914 Austria
91%
0.921 New Zealand
91%
0.850 Portugal
91%
0.939 Germany
90%
0.938 Iceland
89%
0.883 Italy
89%
0.919 Belgium
86%
0.942 Ireland
86%
0.872 Poland
86%
0.872 Greece
85%
0.933 Netherlands
85%
0.935 Singapore
85%
0.930 Denmark
84%
0.909 Luxembourg
82%
0.845 Hungary
80%
0.824 Russia
80%
0.902 Slovenia
80%
0.891 Czech Republic
79%
0.882 Estonia
78%
0.869 Lithuania
78%
0.848 Qatar
78%
0.857 Slovakia
78%
0.866 United Arab Emirates
78%
0.854 Latvia
77%
0.857 Saudi Arabia
73%
0.917 Liechtenstein
70%
0.906 Israel
69%
0.837 Croatia
68%
0.857 Andorra
67%
0.885 Malta
67%
0.830 Argentina
64%
0.847 Chile
64%
0.838 Bahrain
63%
0.873 Cyprus
59%
0.834 Oman
50%
0.845 Brunei
43%
0.817 Belarus
42%
0.939 Hong Kong
28%
0.817 Kazakhstan
24%
No matching quizzes found
Score Distribution
Percent of People with Each Score
Percentile by Number Answered
Your Score History
You have not taken this quiz